A woman without a country / (Record no. 498)
[ view plain ]
| 000 -LEADER | |
|---|---|
| fixed length control field | 00507cam a2200193 a 4500 |
| 001 - CONTROL NUMBER | |
| control field | 416688 |
| 005 - DATE AND TIME OF LATEST TRANSACTION | |
| control field | 20240227030956.0 |
| 008 - FIXED-LENGTH DATA ELEMENTS--GENERAL INFORMATION | |
| fixed length control field | 800213s1979 stka 000 0beng |
| 020 ## - INTERNATIONAL STANDARD BOOK NUMBER | |
| ISBN | 0904564274 : |
| 040 ## - CATALOGING SOURCE (பட்டியலாக்க மூலம்) | |
| Original cataloging agency | DLC |
| Language of cataloging | eng |
| Transcribing agency | DLC |
| Modifying agency | DLC |
| 082 00 - DDC Classification | |
| Class No. | 323.334. |
| DDC Edition Number | 22 |
| Item Number - Author Mark | EMM. |
| 100 1# - MAIN ENTRY--PERSONAL NAME | |
| Personal name | Goldman, Emma, |
| 245 12 - TITLE STATEMENT | |
| Title | A woman without a country / |
| Statement of responsibility, etc. | Emma Goldman. |
| 260 ## - PUBLICATION, DISTRIBUTION, ETC. | |
| Place of publication, distribution, etc. | Sanday, Orkney |
| Name of publisher, distributor, etc. | Cienfuegos Press, |
| Date of publication, distribution, etc. | 1979. |
| 300 ## - PHYSICAL DESCRIPTION | |
| Extent (e.g. Volumes, Pages etc.) | 16 p. : |
| 490 0# - SERIES STATEMENT | |
| Series statement | New anarchist library; |
| 650 #0 - SUBJECT ADDED ENTRY--TOPICAL TERM | |
| Topical term or geographic name entry element | Anarchists |
| 942 ## - Koha item type (Biblio) | |
| Koha item type | Books in Stacks (Lending) |
| Lost status | Damaged status | Collection code | Home library | Current library | Date acquired | Full call number | Accession Number | Item type |
|---|---|---|---|---|---|---|---|---|
| Lending | WERC Library | WERC Library | 02/27/2024 | 323.334. EMM. | 1689 | Books in Stacks (Lending) |
